| 000 | 00613cac a2200217 a 4500 | ||
|---|---|---|---|
| 003 | CO-PeBPM | ||
| 005 | 20260316111355.0 | ||
| 008 | 231129s1972||||xx |||||||||||||| ||spa|| | ||
| 040 |
_aCo-PeBPM _bspa _cCO-PeBPM _erda |
||
| 041 | _aspa | ||
| 082 |
_a170 S211e _222 |
||
| 100 | 1 |
_aSanchez Vazquez, Adolfo _eautor |
|
| 245 | 0 |
_aEtica _c/ Adolfo Sánchez Vázquez |
|
| 250 | _aCuarta edición | ||
| 264 |
_aMéxico _b: Grijalbo _c,1972 |
||
| 300 |
_a239 páginas _c23 centimetros |
||
| 500 | _aIncluye índice | ||
| 500 | _aContiene bibliografía al final del texto | ||
| 650 | 1 | 7 |
_aÉtica _2LEMB |
| 942 |
_2ddc _cBK |
||
| 999 |
_c13687 _d13687 |
||